Producers' response to changes in prices and marketing policies: a case study of sugarcane and paddy in eastern Uttar Prdesh (Record no. 367243)

000 -LEADER
fixed length control field 00620cam a22001577a 4500
008 - FIXED-LENGTH DATA ELEMENTS--GENERAL INFORMATION
fixed length control field 180718b1965 xxu||||| |||| 00| 0 eng d
082 ## - DEWEY DECIMAL CLASSIFICATION NUMBER
Classification number Z2363x5421 G959
100 ## - MAIN ENTRY--PERSONAL NAME
Personal name Gupta, S.C.
245 ## - TITLE STATEMENT
Title Producers' response to changes in prices and marketing policies: a case study of sugarcane and paddy in eastern Uttar Prdesh
Statement of responsibility, etc. by S.C. Gupta and A. Majid
260 ## - PUBLICATION, DISTRIBUTION, ETC.
Place of publication, distribution, etc. Bombay
Name of publisher, distributor, etc. Asia
Date of publication, distribution, etc. 1965
300 ## - PHYSICAL DESCRIPTION
Extent 79p.
500 ## - GENERAL NOTE
General note Rs.12.00; A study by Agricultural Economics Research Centre, Univ. of Delhi
650 ## - SUBJECT ADDED ENTRY--TOPICAL TERM
Topical term or geographic name entry element Rice Industry Nd Trade - India - UP
650 ## - SUBJECT ADDED ENTRY--TOPICAL TERM
Topical term or geographic name entry element Sugar Industry and Trade - India - U.P.
700 ## - ADDED ENTRY--PERSONAL NAME
Personal name Majid, A.
Holdings
Withdrawn status Lost status Damaged status Not for loan Permanent Location Current Location Date acquired Full call number Barcode Date last seen Price effective from Koha item type
        Indian Institute of Public Administration Indian Institute of Public Administration 1994-05-11 Z2363x5421 G959 37652 2018-07-21 2018-07-21 Book

Powered by Koha